The Practice of management / (Record no. 5517)

MARC details
000 -LEADER
fixed length control field 00742cam a22002292 4500
001 - CONTROL NUMBER
control field 0000001920
005 - DATE AND TIME OF LATEST TRANSACTION
control field 20151217151833.0
008 - FIXED-LENGTH DATA ELEMENTS--GENERAL INFORMATION
fixed length control field 070329s xx 000 0 eng d
020 ## - INTERNATIONAL STANDARD BOOK NUMBER
International Standard Book Number 8170230306 :
Terms of availability KES 250
040 ## - CATALOGING SOURCE
Original cataloging agency KABU
Transcribing agency KABU
050 #0 - LIBRARY OF CONGRESS CALL NUMBER
Classification number HD70
Item number .D78 1970
100 1# - MAIN ENTRY--PERSONAL NAME
Personal name Drucker, Peter Ferdinand.
-- 0000151018
245 14 - TITLE STATEMENT
Title The Practice of management /
Statement of responsibility, etc. Peter F. Drucker.
260 ## - PUBLICATION, DISTRIBUTION, ETC. (IMPRINT)
Place of publication, distribution, etc. New Delhi :
Name of publisher, distributor, etc. Allied Publishers,
Date of publication, distribution, etc. 1970.
300 ## - PHYSICAL DESCRIPTION
Extent 404 p.
650 #0 - SUBJECT ADDED ENTRY--TOPICAL TERM
Topical term or geographic name as entry element Industrial management
Geographic subdivision United States.
-- 0000119059
908 ## - PUT COMMAND PARAMETER (RLIN)
Put command parameter 070329
950 ## - LOCAL HOLDINGS (RLIN)
-- 1
Holdings
Withdrawn status Lost status Source of classification or shelving scheme Not for loan Home library Current library Date acquired Total Checkouts Full call number Barcode Date last seen Date last checked out Price effective from Koha item type
    Library of Congress Classification   Kabarak, Main Campus Kabarak, Main Campus 17/12/2015 1 HD70 .D78 1970 001653 02/08/2024 15/07/2016 17/12/2015 General Collection
    Library of Congress Classification   Kabarak, Main Campus Kabarak, Main Campus 17/12/2015 1 HD70 .D78 1970 001654 02/08/2024 15/07/2016 17/12/2015 General Collection
    Library of Congress Classification   Kabarak, Main Campus Kabarak, Main Campus 17/12/2015   HD70 .D78 1970 001655 02/08/2024   17/12/2015 General Collection
Designed with assistance from East African Informatics Ltd